Mastering self-leadership : empowering yourself for personal excellence / (Record no. 3218)

000 -LEADER
fixed length control field 01054cam a2200325 a 4500
001 - CONTROL NUMBER
control field 17057300
003 - CONTROL NUMBER IDENTIFIER
control field OSt
005 - DATE AND TIME OF LATEST TRANSACTION
control field 20160907131538.0
008 - FIXED-LENGTH DATA ELEMENTS--GENERAL INFORMATION
fixed length control field 111125s2013 maua b 001 0 eng
010 ## - LIBRARY OF CONGRESS CONTROL NUMBER
LC control number 2011047150
020 ## - INTERNATIONAL STANDARD BOOK NUMBER
International Standard Book Number 9780132754415
020 ## - INTERNATIONAL STANDARD BOOK NUMBER
International Standard Book Number 013275441X
035 ## - SYSTEM CONTROL NUMBER
System control number (OCoLC)ocn758382936
040 ## - CATALOGING SOURCE
Original cataloging agency DLC
Transcribing agency DLC
Modifying agency YDX
-- BTCTA
-- YDXCP
-- BWX
-- DLC
042 ## - AUTHENTICATION CODE
Authentication code pcc
050 00 - LIBRARY OF CONGRESS CALL NUMBER
Classification number HD57.7.M387 2013
082 00 - DEWEY DECIMAL CLASSIFICATION NUMBER
Classification number 303.3/4
Edition number 23
100 1# - MAIN ENTRY--PERSONAL NAME
Personal name Neck, Christopher P.
245 10 - TITLE STATEMENT
Title Mastering self-leadership : empowering yourself for personal excellence /
Statement of responsibility, etc Christopher P. Neck, Charles C. Manz.
250 ## - EDITION STATEMENT
Edition statement 6th ed.
260 ## - PUBLICATION, DISTRIBUTION, ETC. (IMPRINT)
Place of publication, distribution, etc Boston :
Name of publisher, distributor, etc Pearson,
Date of publication, distribution, etc c2013.
300 ## - PHYSICAL DESCRIPTION
Extent xiv, 174 p. :
Other physical details ill. ;
Dimensions 26 cm.
504 ## - BIBLIOGRAPHY, ETC. NOTE
Bibliography, etc Includes bibliographical references and index.
650 #0 - SUBJECT ADDED ENTRY--TOPICAL TERM
Topical term or geographic name as entry element Leadership.
650 #0 - SUBJECT ADDED ENTRY--TOPICAL TERM
Topical term or geographic name as entry element Self-actualization (Psychology)
700 1# - ADDED ENTRY--PERSONAL NAME
Personal name Manz, Charles C.
906 ## - LOCAL DATA ELEMENT F, LDF (RLIN)
a 7
b cbc
c orignew
d 1
e ecip
f 20
g y-gencatlg
942 ## - ADDED ENTRY ELEMENTS (KOHA)
Source of classification or shelving scheme
Koha item type Book
Holdings
Withdrawn status Lost status Source of classification or shelving scheme Damaged status Not for loan Home library Current library Shelving location Date acquired Total Checkouts Full call number Barcode Date last seen Copy number Price effective from Koha item type
          Riara University Library Riara University Library General stack 07/09/2016   HD57.7.M387 2013 7176/16 07/09/2016 C..1 07/09/2016 Book

Riara University Library,
P.O. Box 49940-00100,
Nairobi, Kenya.